Jリーグ歴代出場試合数 - Statistics

General Stats
  • This quiz has been taken 137 times
    6 since last reset
  • The average score is 17 of 35
Answer Stats
Hint Answer Carrier Last Club Caps % Correct
1 遠藤保仁 98-24 磐田 672
100%
15 中村憲剛 03-20 川崎F 471
100%
31 中村俊輔 97-02,10-22 横浜FC 408
100%
2 西川周作 05- 浦和 659
75%
3 楢崎正剛 95-18 名古屋 631
75%
9 伊東輝悦 93- 沼津 517
75%
10 森重真人 06- FC東京 512
75%
13 家永昭博 04-10,14- 川崎F 495
75%
16 永井謙佑 09-12,15- 名古屋 458
75%
21 森崎和幸 99-18 広島 430
75%
25 川口能活 94-01,05-18 相模原 421
75%
26 田中隼磨 01-22 松本 420
75%
29 槙野智章 06-10,13-22 神戸 415
75%
4 中澤佑二 99-18 横浜FM 593
50%
5 阿部勇樹 98-10,12-21 浦和 590
50%
6 曽ヶ端準 98-20 鹿島 533
50%
7 興梠慎三 05-22 浦和 526
50%
8 小笠原満男 98-18 鹿島 525
50%
14 大久保嘉人 01-09,09-21 C大阪 477
50%
19 今野泰幸 01-21 磐田 443
50%
22 前田遼一 00-20 岐阜 429
50%
32 小林悠 10- 川崎F 405
50%
33 佐藤寿人 00-20 千葉 404
50%
34 那須大亮 02-19,23 岩手 400
50%
11 山田暢久 94-13 浦和 501
25%
18 青山敏弘 04- 広島 444
25%
20 倉田秋 07- G大阪 431
25%
23 キム ジンヒョン 09- C大阪 423
25%
30 東慶悟 13- FC東京 410
25%
12 明神智和 96-19 長野 497
0%
17 山口智 96-15 京都 448
0%
23 新井場徹 97-14 C大阪 423
0%
27 藤田俊哉 95-11 千葉 419
0%
28 水本裕貴 04-22 相模原 416
0%
34 青木剛 01-18 熊本 400
0%
No matching quizzes found
Score Distribution
Percent of People with Each Score
Percentile by Number Answered
Your Score History
You have not taken this quiz since the last reset